01106nam0a22002291 4500001001100000005001700011021001900028035002600047100004100073101000800114102000700122105001800129200044700147210005500594215002600649606003300675700007700708702003200785801001800817801002200835852001900857rc\494893420250613044552.0 aRUb[68-30125] a(NLR Aleph) 008951881 a20130426g19671968|||y0rusy50 ca0 arus aRU aa z |||||1 aМетодическое пособие для практических занятий по радиометрии альфа- и бета-излученийfПод ред. действ. чл. АМН СССР проф. Ф.Г. КротковаgМ-во здравоохранения СССР. Центр. ордена Ленина ин-т усовершенствования врачей. Кафедра радиац. гигиены aМоскваcБ. и.d1967 [вып. дан. 1968] a43 с.cчерт.d20 aРадиометрия2psbo 1aСтавицкийbР.В.f1930-gРоман Владимирович 1aКротковbФ.Г.4340 0aRUbNLRgpsbo 1aRUbELAR2rusmarc aNLRj68-4/9110